000 00471nam a2200169 a 4500
001 4111
005 20140414132035.0
008 090202s19uu xx 00 eng d
020 _a0-590-46900-2
050 _aTR
_bQ4 1994
100 _aWood, Audrey
245 _aQuick as a cricket /
_cby Audrey Wood ; illustrated by Don Wood.
260 _aNew York :
_bScholastic,
_cc1994.
300 _a1 v. (unpaged) : col., ill. ;
700 _aWood, Don, ill.
999 _c113691
_d113691